000 00337nam a22001457a 4500
008 221109b ||||| |||| 00| 0 eng d
020 _a7889523
041 _aeng
080 _2fifth edition
_a61
082 _a61 PAG
100 _a4
101 _aMJK
245 _aMANUAL OF DIAGNOSTIC AND LABORATORY TESTS
_cPAGANA
942 _2udc
_cBK
999 _c58803
_d58803